[Event "DEM U16 2022"]
[Site "Willingen GER"]
[Date "2022.06.06"]
[Round "3"]
[White "Ehrig, Leon Chris"]
[Black "Stork, Christopher"]
[Result "0-1"]
[Termination "normal"]
[Board "12"]
[WhiteElo "1890"]
[BlackElo "1994"]
[WhiteClock "00:09:00"]
[BlackClock "00:06:02"]
[PlyCount "118"]
[WhiteFideId "16244796"]
[BlackFideId "16215400"]
[EventCountry "GER"]
[EventRounds "9"]
[EventType "swiss"]
[EventDate "2022.06.04"]

1. e4 {[%clk 1:30:27]} c5 {[%clk 1:30:45]} 2. b4 {[%clk 1:30:26]} cxb4 {[%clk
1:29:27]} 3. a3 {[%clk 1:30:25]} e6 {[%clk 1:25:59]} 4. axb4 {[%clk 1:28:12]}
Bxb4 {[%clk 1:21:45]} 5. c3 {[%clk 1:23:21]} Be7 {[%clk 1:14:25]} 6. d4 {[%clk
1:23:12]} d6 {[%clk 1:10:53]} 7. Bd3 {[%clk 1:17:33]} Nf6 {[%clk 1:06:49]} 8.
f4 {[%clk 1:12:20]} Nc6 {[%clk 0:56:30]} 9. Nf3 {[%clk 1:00:02]} d5 {[%clk
0:51:15]} 10. e5 {[%clk 0:55:29]} Ng8 {[%clk 0:45:51]} 11. O-O {[%clk 0:45:31]}
h5 {[%clk 0:40:13]} 12. Ng5 {[%clk 0:40:26]} g6 {[%clk 0:37:46]} 13. Qc2 {[%clk
0:37:49]} Bxg5 {[%clk 0:36:23]} 14. fxg5 {[%clk 0:36:50]} Nge7 {[%clk 0:35:56]}
15. Rf6 {[%clk 0:29:57]} Qb6 {[%clk 0:30:15]} 16. Qf2 {[%clk 0:27:32]} Nf5
{[%clk 0:28:22]} 17. Ba3 {[%clk 0:25:25]} Bd7 {[%clk 0:23:01]} 18. Bc5 {[%clk
0:23:11]} Qb3 {[%clk 0:19:02]} 19. Qd2 {[%clk 0:22:48]} Ne3 {[%clk 0:12:05]}
20. Qxe3 {[%clk 0:22:46]} Qd1+ {[%clk 0:11:29]} 21. Rf1 {[%clk 0:22:59]} Qg4
{[%clk 0:11:11]} 22. Qf4 {[%clk 0:22:02]} Qxf4 {[%clk 0:11:35]} 23. Rxf4 {[%clk
0:22:28]} Rc8 {[%clk 0:11:15]} 24. Nd2 {[%clk 0:20:49]} Nxe5 {[%clk 0:08:46]}
25. Be2 {[%clk 0:14:13]} Nc6 {[%clk 0:08:33]} 26. Raf1 {[%clk 0:13:28]} b6
{[%clk 0:06:19]} 27. Bd6 {[%clk 0:13:40]} Nd8 {[%clk 0:06:31]} 28. Bd3 {[%clk
0:12:30]} Rg8 {[%clk 0:05:09]} 29. c4 dxc4 {[%clk 0:04:47]} 30. Ne4 {[%clk
0:07:58]} f5 {[%clk 0:02:44]} 31. gxf6 {[%clk 0:06:27]} Nf7 {[%clk 0:02:45]}
32. Bc2 {[%clk 0:06:08]} Bc6 {[%clk 0:02:06]} 33. Ba3 {[%clk 0:05:25]} a6
{[%clk 0:01:40]} 34. Nd6+ {[%clk 0:03:38]} Nxd6 {[%clk 0:02:04]} 35. f7+ {[%clk
0:03:59]} Kd7 {[%clk 0:01:12]} 36. fxg8=Q {[%clk 0:03:21]} Rxg8 {[%clk
0:01:40]} 37. Rf6 {[%clk 0:02:17]} Bd5 {[%clk 0:01:32]} 38. Rb1 {[%clk
0:01:17]} b5 {[%clk 0:01:28]} 39. Bb4 {[%clk 0:01:02]} Nb7 {[%clk 0:00:50]} 40.
Ra1 {[%clk 0:00:41]} Ra8 {[%clk 0:00:46]} 41. Rxg6 {[%clk 0:25:12]} a5 {[%clk
0:29:01]} 42. Rg7+ {[%clk 0:20:27]} Kc6 {[%clk 0:29:15]} 43. Rxb7 {[%clk
0:19:47]} axb4 {[%clk 0:23:05]} 44. Rxa8 {[%clk 0:19:29]} Kxb7 {[%clk 0:22:32]}
45. Ra1 {[%clk 0:12:18]} b3 {[%clk 0:21:54]} 46. Bxb3 {[%clk 0:10:38]} cxb3
{[%clk 0:21:48]} 47. Rb1 {[%clk 0:10:51]} Kb6 {[%clk 0:18:36]} 48. Kf2 {[%clk
0:11:13]} Ka5 {[%clk 0:17:02]} 49. Ke3 {[%clk 0:11:00]} Kb4 {[%clk 0:16:01]}
50. Kd2 {[%clk 0:11:22]} Be4 {[%clk 0:08:51]} 51. Rb2 {[%clk 0:11:11]} Bxg2
{[%clk 0:08:37]} 52. Kc1 {[%clk 0:10:29]} Bd5 {[%clk 0:06:59]} 53. Re2 {[%clk
0:08:11]} Kc3 {[%clk 0:06:44]} 54. Re3+ {[%clk 0:08:15]} Kxd4 {[%clk 0:06:51]}
55. Rh3 {[%clk 0:08:38]} e5 {[%clk 0:06:18]} 56. Rxh5 {[%clk 0:08:38]} e4
{[%clk 0:06:24]} 57. Rg5 {[%clk 0:08:35]} e3 {[%clk 0:06:19]} 58. h4 {[%clk
0:08:34]} e2 {[%clk 0:05:44]} 59. Kd2 {[%clk 0:09:00]} b2 {[%clk 0:06:02]} 0-1

[Event "DEM U16 2022"]
[Site "Willingen GER"]
[Date "2022.06.06"]
[Round "3"]
[White "Metzdorf, Matteo"]
[Black "Kort, Felix"]
[Result "1-0"]
[Termination "normal"]
[Board "13"]
[WhiteElo "2009"]
[BlackElo "1888"]
[WhiteClock "00:06:50"]
[BlackClock "00:13:23"]
[PlyCount "95"]
[WhiteFideId "16209869"]
[BlackFideId "16220129"]
[EventCountry "GER"]
[EventRounds "9"]
[EventType "swiss"]
[EventDate "2022.06.04"]

1. e4 {[%clk 1:30:58]} e5 {[%clk 1:30:56]} 2. Nf3 {[%clk 1:31:22]} Nc6 {[%clk
1:31:22]} 3. Bb5 {[%clk 1:31:48]} a6 {[%clk 1:31:49]} 4. Ba4 {[%clk 1:32:15]}
Nf6 {[%clk 1:32:14]} 5. d3 {[%clk 1:32:40]} d6 {[%clk 1:32:25]} 6. c3 {[%clk
1:29:57]} b5 {[%clk 1:32:28]} 7. Bc2 {[%clk 1:28:17]} Be7 {[%clk 1:32:52]} 8.
O-O {[%clk 1:27:55]} O-O {[%clk 1:33:17]} 9. Re1 {[%clk 1:26:28]} Re8 {[%clk
1:28:08]} 10. Nbd2 {[%clk 1:21:18]} h6 {[%clk 1:24:27]} 11. Nf1 {[%clk
1:18:59]} Bb7 {[%clk 1:23:06]} 12. Ng3 {[%clk 1:16:37]} Bf8 {[%clk 1:21:59]}
13. Nf5 {[%clk 1:00:50]} Nb8 {[%clk 1:03:40]} 14. h3 {[%clk 0:39:27]} c5 {[%clk
1:00:13]} 15. Nh2 {[%clk 0:31:14]} d5 {[%clk 0:44:26]} 16. Ng4 {[%clk 0:31:00]}
Nbd7 {[%clk 0:39:50]} 17. Qf3 {[%clk 0:21:17]} dxe4 {[%clk 0:34:05]} 18. dxe4
{[%clk 0:21:19]} Kh7 {[%clk 0:32:16]} 19. Rd1 {[%clk 0:08:41]} Qb6 {[%clk
0:27:18]} 20. Be3 {[%clk 0:05:30]} Qc6 {[%clk 0:20:08]} 21. Ng3 {[%clk
0:04:33]} Rad8 {[%clk 0:15:46]} 22. b3 {[%clk 0:03:22]} Nxg4 {[%clk 0:09:08]}
23. hxg4 {[%clk 0:03:23]} Qg6 {[%clk 0:06:42]} 24. Qe2 {[%clk 0:02:13]} Nb6
{[%clk 0:03:49]} 25. Nf5 {[%clk 0:02:16]} Qe6 {[%clk 0:03:24]} 26. g5 {[%clk
0:02:15]} hxg5 {[%clk 0:03:17]} 27. Qh5+ {[%clk 0:01:21]} Kg8 {[%clk 0:03:42]}
28. Qxg5 {[%clk 0:01:27]} Nd7 {[%clk 0:01:41]} 29. Rd6 {[%clk 0:01:17]} f6
{[%clk 0:00:45]} 30. Qg6 {[%clk 0:00:58]} Qxf5 {[%clk 0:00:46]} 31. Qxf5 {[%clk
0:01:08]} Bxd6 {[%clk 0:01:15]} 32. Rd1 {[%clk 0:01:11]} Nf8 {[%clk 0:01:36]}
33. b4 {[%clk 0:01:00]} Bc8 {[%clk 0:01:54]} 34. Qh5 {[%clk 0:01:10]} c4 {[%clk
0:02:01]} 35. Bb6 {[%clk 0:01:18]} g6 {[%clk 0:02:04]} 36. Qf3 {[%clk 0:01:13]}
Rd7 {[%clk 0:01:59]} 37. Qxf6 {[%clk 0:01:20]} Re6 {[%clk 0:02:26]} 38. Qf3
{[%clk 0:01:18]} Rf7 {[%clk 0:02:20]} 39. Qe3 {[%clk 0:01:13]} Nd7 {[%clk
0:01:32]} 40. Ba7 {[%clk 0:00:47]} Bb7 {[%clk 0:00:40]} 41. Rd2 {[%clk
0:19:29]} Nf6 {[%clk 0:25:20]} 42. Bc5 {[%clk 0:13:02]} Bc7 {[%clk 0:22:02]}
43. Qh3 {[%clk 0:10:59]} Re8 {[%clk 0:20:36]} 44. Qh6 {[%clk 0:10:12]} Rg7
{[%clk 0:20:38]} 45. f3 {[%clk 0:09:03]} Kf7 {[%clk 0:15:25]} 46. Qe3 {[%clk
0:08:27]} Kg8 {[%clk 0:14:19]} 47. Bd6 {[%clk 0:07:38]} Bd8 {[%clk 0:13:23]}
48. Bxe5 {[%clk 0:06:50]} 1-0

[Event "DEM U16 2022"]
[Site "Willingen GER"]
[Date "2022.06.06"]
[Round "3"]
[White "Spriestersbach, Kai"]
[Black "Hecht, Jonas Christian"]
[Result "1-0"]
[Termination "normal"]
[Board "14"]
[WhiteElo "1948"]
[BlackElo "1938"]
[WhiteClock "00:28:52"]
[BlackClock "00:27:59"]
[PlyCount "85"]
[WhiteFideId "16269985"]
[BlackFideId "16214846"]
[EventCountry "GER"]
[EventRounds "9"]
[EventType "swiss"]
[EventDate "2022.06.04"]

1. e4 {[%clk 1:30:57]} c5 {[%clk 1:30:57]} 2. Nf3 {[%clk 1:31:21]} e6 {[%clk
1:31:25]} 3. d4 {[%clk 1:31:45]} cxd4 {[%clk 1:31:51]} 4. Nxd4 {[%clk 1:32:11]}
Nc6 {[%clk 1:32:18]} 5. Nc3 {[%clk 1:32:33]} Qc7 {[%clk 1:32:42]} 6. Be2 {[%clk
1:32:21]} Nf6 {[%clk 1:32:50]} 7. a3 {[%clk 1:30:43]} Be7 {[%clk 1:33:02]} 8.
f4 {[%clk 1:29:27]} d6 {[%clk 1:33:28]} 9. Be3 {[%clk 1:26:32]} O-O {[%clk
1:33:47]} 10. g4 {[%clk 1:16:26]} Nxd4 {[%clk 1:33:08]} 11. Qxd4 {[%clk
1:16:35]} e5 {[%clk 1:32:36]} 12. Qd2 {[%clk 1:06:58]} exf4 {[%clk 1:19:15]}
13. Bxf4 {[%clk 1:07:16]} Nxg4 {[%clk 1:19:13]} 14. O-O-O {[%clk 1:01:20]} Ne5
{[%clk 0:55:34]} 15. Nd5 {[%clk 0:51:42]} Qd8 {[%clk 0:55:32]} 16. Qb4 {[%clk
0:34:49]} a5 {[%clk 0:46:01]} 17. Nxe7+ {[%clk 0:34:25]} Qxe7 {[%clk 0:46:17]}
18. Qxd6 {[%clk 0:34:50]} Qxd6 {[%clk 0:46:14]} 19. Rxd6 {[%clk 0:35:14]} Ng6
{[%clk 0:44:50]} 20. Bg3 {[%clk 0:35:19]} Be6 {[%clk 0:29:39]} 21. Rhd1 {[%clk
0:33:58]} Ne7 {[%clk 0:23:58]} 22. Rb6 {[%clk 0:29:21]} Nc6 {[%clk 0:12:58]}
23. Rxb7 {[%clk 0:28:46]} Rfd8 {[%clk 0:13:10]} 24. c3 {[%clk 0:25:28]} a4
{[%clk 0:10:02]} 25. Bc7 {[%clk 0:21:06]} Rxd1+ {[%clk 0:07:06]} 26. Bxd1
{[%clk 0:21:21]} g5 {[%clk 0:07:32]} 27. Rb5 {[%clk 0:17:29]} h6 {[%clk
0:05:57]} 28. Rc5 {[%clk 0:17:21]} Ne7 {[%clk 0:03:56]} 29. Ra5 {[%clk
0:14:05]} Rxa5 {[%clk 0:02:28]} 30. Bxa5 {[%clk 0:14:30]} Bd7 {[%clk 0:02:05]}
31. Kd2 {[%clk 0:11:37]} Ng6 {[%clk 0:02:00]} 32. Bc7 {[%clk 0:10:02]} f6
{[%clk 0:00:38]} 33. Ke3 {[%clk 0:07:13]} Kf7 {[%clk 0:00:56]} 34. Bh5 {[%clk
0:06:11]} g4 {[%clk 0:00:43]} 35. Kd4 {[%clk 0:05:13]} Kg7 {[%clk 0:00:58]} 36.
Bg3 {[%clk 0:04:24]} f5 {[%clk 0:00:48]} 37. exf5 {[%clk 0:03:35]} Bxf5 {[%clk
0:01:10]} 38. Kc5 {[%clk 0:03:36]} Bd7 {[%clk 0:01:28]} 39. Kd6 {[%clk
0:03:44]} Bf5 {[%clk 0:01:44]} 40. c4 {[%clk 0:03:57]} Nf8 {[%clk 0:01:13]} 41.
Be5+ {[%clk 0:02:12]} Kg8 {[%clk 0:30:24]} 42. Be8 {[%clk 0:30:24]} Ng6 {[%clk
0:27:59]} 43. Bxa4 {[%clk 0:28:52]} 1-0

[Event "DEM U16 2022"]
[Site "Willingen GER"]
[Date "2022.06.06"]
[Round "3"]
[White "Tovmasyan, Minas"]
[Black "Neuber, Pascal"]
[Result "1-0"]
[Termination "normal"]
[Board "15"]
[WhiteElo "1933"]
[BlackElo "1802"]
[WhiteClock "00:11:10"]
[BlackClock "00:09:56"]
[PlyCount "97"]
[WhiteFideId "16247620"]
[BlackFideId "16227611"]
[EventCountry "GER"]
[EventRounds "9"]
[EventType "swiss"]
[EventDate "2022.06.04"]

1. d4 {[%clk 1:30:56]} Nf6 {[%clk 1:30:58]} 2. c4 {[%clk 1:31:18]} e6 {[%clk
1:31:25]} 3. Nf3 {[%clk 1:31:36]} b6 {[%clk 1:31:05]} 4. g3 {[%clk 1:31:57]}
Bb7 {[%clk 1:31:33]} 5. Bg2 {[%clk 1:32:17]} g6 {[%clk 1:31:28]} 6. O-O {[%clk
1:30:41]} Bg7 {[%clk 1:31:54]} 7. Nc3 {[%clk 1:29:33]} Ne4 {[%clk 1:32:03]} 8.
Qd3 {[%clk 1:25:08]} Nxc3 {[%clk 1:27:14]} 9. Qxc3 {[%clk 1:23:30]} c5 {[%clk
1:26:11]} 10. Be3 {[%clk 1:21:29]} O-O {[%clk 1:21:22]} 11. Qd2 {[%clk
1:18:56]} cxd4 {[%clk 1:00:58]} 12. Bxd4 {[%clk 1:11:58]} d5 {[%clk 1:01:01]}
13. Bxg7 {[%clk 1:11:57]} Kxg7 {[%clk 1:01:29]} 14. Ne5 {[%clk 1:10:33]} Nd7
{[%clk 0:42:46]} 15. Nxd7 {[%clk 0:52:03]} Qxd7 {[%clk 0:43:11]} 16. Rfd1
{[%clk 0:52:12]} Rfd8 {[%clk 0:40:08]} 17. cxd5 {[%clk 0:50:09]} Kg8 {[%clk
0:29:12]} 18. d6 {[%clk 0:38:37]} Bxg2 {[%clk 0:27:20]} 19. Kxg2 {[%clk
0:38:48]} Rac8 {[%clk 0:27:12]} 20. Rac1 {[%clk 0:34:50]} Rc6 {[%clk 0:22:47]}
21. Rxc6 {[%clk 0:33:23]} Qxc6+ {[%clk 0:23:10]} 22. f3 {[%clk 0:33:15]} Rd7
{[%clk 0:21:44]} 23. e4 {[%clk 0:22:29]} e5 {[%clk 0:21:16]} 24. Qd5 {[%clk
0:15:57]} Qxd5 {[%clk 0:14:05]} 25. Rxd5 {[%clk 0:16:19]} f6 {[%clk 0:13:01]}
26. f4 {[%clk 0:15:50]} Kf7 {[%clk 0:11:45]} 27. f5 {[%clk 0:10:16]} gxf5
{[%clk 0:12:14]} 28. exf5 {[%clk 0:10:39]} Ke8 {[%clk 0:12:21]} 29. Kf3 {[%clk
0:09:58]} Kd8 {[%clk 0:12:13]} 30. Rd3 {[%clk 0:04:05]} Rb7 {[%clk 0:08:38]}
31. Ke4 {[%clk 0:02:40]} Kd7 {[%clk 0:07:57]} 32. g4 {[%clk 0:02:02]} Rb8
{[%clk 0:04:19]} 33. Kd5 {[%clk 0:00:51]} Rg8 {[%clk 0:01:06]} 34. Rc3 {[%clk
0:00:51]} Rxg4 {[%clk 0:01:18]} 35. Rc7+ {[%clk 0:01:18]} Kd8 {[%clk 0:01:34]}
36. Ke6 {[%clk 0:01:42]} Rg8 {[%clk 0:00:39]} 37. Kxf6 {[%clk 0:00:40]} e4
{[%clk 0:00:51]} 38. Ke6 {[%clk 0:00:32]} e3 {[%clk 0:00:53]} 39. Rd7+ {[%clk
0:00:48]} Kc8 {[%clk 0:01:16]} 40. Rc7+ {[%clk 0:00:31]} Kd8 {[%clk 0:00:47]}
41. Rd7+ {[%clk 0:22:50]} Kc8 {[%clk 0:30:02]} 42. Re7 {[%clk 0:21:48]} Kd8
{[%clk 0:25:53]} 43. d7 {[%clk 0:11:52]} Rf8 {[%clk 0:10:09]} 44. Kd6 {[%clk
0:09:52]} Rf6+ {[%clk 0:09:34]} 45. Re6 {[%clk 0:10:14]} Rf8 {[%clk 0:09:11]}
46. Rxe3 {[%clk 0:10:28]} h5 {[%clk 0:09:28]} 47. Re6 {[%clk 0:10:25]} h4
{[%clk 0:09:34]} 48. f6 {[%clk 0:10:47]} b5 {[%clk 0:09:56]} 49. f7 {[%clk
0:11:10]} 1-0

[Event "DEM U16 2022"]
[Site "Willingen GER"]
[Date "2022.06.06"]
[Round "3"]
[White "Weidenhöfer, Max"]
[Black "Guo, Philipp Ziming"]
[Result "1-0"]
[Termination "normal"]
[Board "16"]
[WhiteElo "1945"]
[BlackElo "1825"]
[WhiteClock "00:47:39"]
[BlackClock "00:30:08"]
[PlyCount "87"]
[WhiteFideId "16230566"]
[BlackFideId "16245199"]
[EventCountry "GER"]
[EventRounds "9"]
[EventType "swiss"]
[EventDate "2022.06.04"]

1. e4 {[%clk 1:30:57]} c5 {[%clk 1:30:50]} 2. Nf3 {[%clk 1:31:25]} d6 {[%clk
1:31:13]} 3. d4 {[%clk 1:31:51]} cxd4 {[%clk 1:31:37]} 4. Nxd4 {[%clk 1:32:18]}
Nf6 {[%clk 1:31:57]} 5. Nc3 {[%clk 1:32:44]} a6 {[%clk 1:32:17]} 6. Bd3 {[%clk
1:33:09]} Nc6 {[%clk 1:32:24]} 7. Nxc6 {[%clk 1:31:57]} bxc6 {[%clk 1:32:46]}
8. b3 {[%clk 1:32:18]} e5 {[%clk 1:30:18]} 9. Bb2 {[%clk 1:32:30]} Be7 {[%clk
1:24:36]} 10. Qd2 {[%clk 1:23:02]} O-O {[%clk 1:12:35]} 11. O-O-O {[%clk
1:16:09]} Nd7 {[%clk 0:53:49]} 12. Kb1 {[%clk 1:13:07]} Nc5 {[%clk 0:53:31]}
13. f3 {[%clk 1:05:35]} Qc7 {[%clk 0:49:37]} 14. Bc4 {[%clk 1:02:02]} Be6
{[%clk 0:41:26]} 15. Bxe6 {[%clk 1:01:09]} Nxe6 {[%clk 0:40:39]} 16. Na4 {[%clk
0:59:52]} Rad8 {[%clk 0:33:08]} 17. h4 {[%clk 0:56:50]} f6 {[%clk 0:24:50]} 18.
Qe2 {[%clk 0:41:04]} Qb7 {[%clk 0:24:43]} 19. g4 {[%clk 0:41:08]} d5 {[%clk
0:20:10]} 20. exd5 {[%clk 0:33:20]} cxd5 {[%clk 0:19:52]} 21. Bc1 {[%clk
0:33:30]} Nd4 {[%clk 0:14:18]} 22. Qe3 {[%clk 0:29:44]} Qc6 {[%clk 0:11:54]}
23. Rxd4 {[%clk 0:26:56]} exd4 {[%clk 0:10:27]} 24. Qxe7 {[%clk 0:27:11]} Rfe8
{[%clk 0:05:48]} 25. Qc5 {[%clk 0:27:02]} Rc8 {[%clk 0:05:09]} 26. Qxc6 {[%clk
0:25:49]} Rxc6 {[%clk 0:05:36]} 27. Rh2 {[%clk 0:26:12]} Re1 {[%clk 0:05:20]}
28. Nb2 {[%clk 0:26:28]} Rf1 {[%clk 0:05:36]} 29. f4 {[%clk 0:26:41]} Rg1
{[%clk 0:05:33]} 30. g5 {[%clk 0:26:34]} fxg5 {[%clk 0:05:58]} 31. fxg5 {[%clk
0:22:51]} Re6 {[%clk 0:05:07]} 32. Nd3 {[%clk 0:22:31]} Re4 {[%clk 0:05:10]}
33. Kb2 {[%clk 0:22:07]} Rgg4 {[%clk 0:04:40]} 34. h5 {[%clk 0:22:06]} Re6
{[%clk 0:04:44]} 35. h6 {[%clk 0:22:05]} g6 {[%clk 0:04:27]} 36. Rf2 {[%clk
0:21:50]} Rg1 {[%clk 0:03:31]} 37. Nc5 {[%clk 0:21:29]} Re5 {[%clk 0:02:31]}
38. Nd7 {[%clk 0:21:01]} Rf5 {[%clk 0:02:34]} 39. Nf6+ {[%clk 0:21:21]} Kf7
{[%clk 0:02:57]} 40. Re2 {[%clk 0:19:31]} Rfxg5 {[%clk 0:00:36]} 41. Bxg5
{[%clk 0:19:31]} Rxg5 {[%clk 0:01:05]} 42. Rf2 {[%clk 0:17:09]} Ke7 {[%clk
0:29:47]} 43. Nxh7 {[%clk 0:47:14]} Rh5 {[%clk 0:30:08]} 44. Nf6 {[%clk
0:47:39]} 1-0